Music Quiz

Random Music or Quote Quiz

AFI's 15 Heroes by quotes. Quiz Stats

 Plays Quiz not verified by Sporcle

Challenge
Share
Tweet
Embed
Score 0/15 Timer 07:00
0 Plays Today
Quote Heroe % Correct
'A martini. Shaken, not stirred.'James Bond
92.8%
'Yo, Adrian.'Rocky Balboa
86.7%
'You've got to ask yourself one question: “Do I feel lucky?” Well, do ya, punk?'Harry Callahan
82.5%
'Snakes! Why did it have to be snakes'Indiana Jones
81.9%
'The Force will be with you. Always.'Obi Wan Kenobi
81.9%
'Father to a murdered son. Husband to a murdered wife. And I will have my vengeance, in this life or the next.'General Maximus Decimus Meridius
58.4%
'Of all the gin joints in all the towns in all the world, she walks into mine.'Rick Blaine
57.8%
'Today, I consider myself the luckiest man on the face of the earth.'Lou Gehrig
56.6%
Quote Heroe % Correct
'Kid, the next time I say, “Let's go someplace like Bolivia,” let's go someplace like Bolivia.'Butch Cassidy
49.4%
'Get away from her, you bitch.'Ellen Ripley
42.2%
'Jane. _ _ _ _ _ _. Jane. _ _ _ _ _ _.'Tarzan
38.6%
'They’re called boobs, Ed'Erin Brockovich
31.3%
'You betcha'Marge Gunderson
21.1%
'If you are a minority of one, the truth is the truth.'Mahātmā Gandhi
9%
'No prisoners! No prisoners'T. E. Lawrence
8.4%

You're not logged in!

Compare scores with friends on all Sporcle quizzes.
OR
Log In

You Might Also Like...

Show Comments

Extras

Top Quizzes Today


Score Distribution

Your Account Isn't Verified!

In order to create a playlist on Sporcle, you need to verify the email address you used during registration. Go to your Sporcle Settings to finish the process.

Report this User

Report this user for behavior that violates our Community Guidelines.

Details: